Cold Beer and Crocodiles (Record no. 533691)
[ view plain ]
| 000 -LEADER | |
|---|---|
| fixed length control field | 00257nam a22001217a 4500 |
| 020 ## - INTERNATIONAL STANDARD BOOK NUMBER | |
| International Standard Book Number | 0792279522 |
| 040 ## - CATALOGING SOURCE | |
| Transcribing agency | MSOHAIL |
| 082 ## - DEWEY DECIMAL CLASSIFICATION NUMBER | |
| Classification number | 919.40465 |
| 100 ## - MAIN ENTRY--PERSONAL NAME | |
| Personal name | Roff Smith |
| 9 (RLIN) | 27652 |
| 245 ## - TITLE STATEMENT | |
| Title | Cold Beer and Crocodiles |
| 300 ## - PHYSICAL DESCRIPTION | |
| Extent | 284;p; |
| 942 ## - ADDED ENTRY ELEMENTS (KOHA) | |
| Source of classification or shelving scheme | |
| Koha item type | Book |
| Withdrawn status | Lost status | Source of classification or shelving scheme | Damaged status | Not for loan | Permanent Location | Current Location | Date acquired | Total Checkouts | Full call number | Barcode | Date last seen | Price effective from | Koha item type |
|---|---|---|---|---|---|---|---|---|---|---|---|---|---|
| School of Civil and Environmental Engineering (SCEE) | School of Civil and Environmental Engineering (SCEE) | 01/16/2020 | 919.40465 | NIT-9283 | 01/16/2020 | 01/16/2020 | Book |
